=LDR 00000nam 2200000 4500 =001 INLIS000000000019128 =005 20130612114228 =008 ***********************************Ind** =035 ##$$0010-061300000019128 =041 ##$$a Ind =082 ##$$a 823.83 =090 ##$$a 823.83, Bur d =100 ##$$a Burton, Micu =245 ##$$a Death paints a picture, Miles Buvton =260 ##$$a 1960 $b London =300 ##$$a 250 hlm, 21 cm =650 ##$$a Fiksi Inggris =850 ##$$a NBPNMAT